Statystyki dla Wszyscy strzelcy bramek w Reprezentacji Polski od 2010

Kliknij tutaj aby rozwiązać quiz!

Ogólne statystyki

  • Ten quiz został rozwiązany 318 razy
  • Średni wynik to 27 z 59

Statystyki odpowiedzi

PiłkarzStrzelił przeciwko% Poprawnych
Robert LewandowskiSingapur x2, Bułgaria, Australia, WKS x2, Norwegia, Niemcy, Korea Południowa, Białoruś, Andora, Grecja, San Marino x2, Czarnogóra, Litwa, Gibraltar x4, Gruzja x3, Niemcy, Gibraltar x2, Szkocja x2, Irlandia, Islandia x2, Portugalia, Kazachstan, Dania x3, Armenia, Rumunia x2, Czarnogóra, Rumunia x3, Kazachstan, Armenia x3, Czarnogóra, Korea Południowa, Chile, Litwa x2, Łotwa, Izrael, Łotwa x3, Słowenia, Bośnia i Hercegowina x2, Węgry, Andora x2, Hiszpania, Szwecja x2, Albania, San Marino x2
100%
Arkadiusz MilikMacedonia Północna, Litwa, Niemcy, Szkocja, Gruzja, Szwajcaria, Gruzja, Gibraltar x2, Czechy, Irlandia Północna, Kazachstan, Portugalia, Macedonia Północna, Finlandia
95%
Jakub BłaszczykowskiBułgaria, USA, Gruzja, Niemcy, Korea Południowa, Białoruś, Andora, Rosja, Czarnogóra, Mołdawia, Mołdawia, San Marino, Gibraltar, Serbia, Ukraina, Szwajcaria, Armenia, Litwa, Portugalia
93%
Kamil GlikTajlandia, Anglia, Gruzja, Kazachstan, Łotwa, Bośnia i Hercegowina
90%
Krzysztof PiątekPortugalia, Austria, Macedonia Północna, Izrael, Izrael, Finlandia, Ukraina, Węgry, San Marino
88%
Grzegorz KrychowiakGruzja, Irlandia, Senegal, Izrael, Albania
87%
Kamil GrosickiGibraltar x2, Gibraltar x2, Islandia, Czechy, Finlandia x2, Rumunia, Armenia, Czarnogóra, Korea Południowa, Izrael, Bośnia i Hercegowina, Finlandia x3
87%
Piotr ZielińskiDania, San Marino x2, Korea Południowa, Chile, Włochy, Islandia
85%
Łukasz PiszczekUkraina, San Marino, Czarnogóra
82%
Karol ŚwiderskiAndora, Islandia, San Marino, San Marino, Albania
76%
Adam BuksaAlbania, San Marino x3, San Marino
74%
Jan BednarekJaponia
74%
Sebastian SzymańskiSłowenia
70%
Damian SzymańskiAnglia
69%
Karol LinettyNorwegia, Bośnia i Hercegowina, Słowacja, Albania, San Marino
68%
Sebastian MilaNiemcy, Gruzja
68%
Przemysław FrankowskiMacedonia Północna
60%
Jakub ModerUkraina, Anglia
59%
Bartosz KapustkaGibraltar, Islandia, Kazachstan
58%
Maciej RybusLiechtenstein
58%
Artur JędrzejczykMacedonia Północna, Szwajcaria, Holandia
56%
Kamil JóźwiakHolandia, Węgry
54%
Ludovic ObraniakEkwador, WKS, Andora, Urugwaj
53%
Krzysztof MączyńskiSzkocja, Czarnogóra
51%
Mateusz KlichDania, Irlandia
50%
Sławomir PeszkoDania, Irlandia
50%
Dawid KownackiLitwa
48%
Łukasz TeodorczykRumunia x2, San Marino, Słowenia
48%
Euzebiusz SmolarekEkwador
46%
Paweł BrożekBośnia i Hercegowina x2, Argentyna, Meksyk, Węgry, Mołdawia
44%
Piotr BrożekSingapur
44%
Tomasz KędzioraSan Marino
43%
Jacek GóralskiSłowenia
42%
Jakub WawrzyniakMołdawia
41%
Łukasz SzukałaGibraltar
41%
Damian KądziorIzrael
39%
Adrian MierzejewskiArgentyna, Czarnogóra, San Marino
34%
Tomasz JodłowiecCzechy
34%
Jakub ŚwierczokRosja
33%
Damien PerquisSłowacja
31%
Marcin WasilewskiAndora
31%
Rafał WolskiArmenia
27%
Paweł WszołekFinlandia x2
26%
Waldemar SobotaBośnia i Hercegowina, Macedonia Północna, Dania, San Marino
25%
Jakub KoseckiSan Marino
21%
Ireneusz JeleńUkraina
20%
Filip StarzyńskiFinlandia
19%
Artur SobiechŁotwa, Liechtenstein
17%
Michał KucharczykNorwegia
16%
Marcin RobakTajlandia
13%
Adam MatuszczykUSA
11%
Marcin KomorowskiRPA
11%
Szymon PawłowskiMacedonia Północna, Rumunia
11%
Tomasz BrzyskiNorwegia
8%
Tomasz NowakSingapur
8%
Daniel ŁukasikRumunia
6%
Patryk MałeckiTajlandia, Singapur
4%
Maciej IwańskiSingapur
3%
Dawid PlizgaMołdawia
2%

Rozkład punktacji

Percentyl według liczby udzielonych odpowiedzi

Procent ludzi z każdym wynikiem

Twoja historia wyników

Nie rozwiązałeś tego quizu